000 01076cam a2200325 a 4500
001 6768
003 FISKH
005 20250828111848.0
008 051031s2006 ctua b 000 1 eng
010 _a 2005055261
020 _a9781596431607
020 _a1596431601
040 _aDLC
_cDLC
_dDLC
_beng
050 _aPZ7.F1958 A
082 _a741.594
100 1 _aFaller, Régis.
245 1 4 _aThe adventures of Polo /
_cRegis Faller.
260 _aNew York :
_bRoaring Brook,
_c2006.
300 _a75 pages :
_bcolor illustrations ;
_c28 cm
505 _aC
520 _aPolo the dog sets out from his home and enjoys many adventures, including sailing his boat on top of a whale, roasting hot dogs over a volcano, and taking a ride in a spaceship built from a mushroom.
521 8 _a100
_bLexile estimate
521 8 _aC
_bRaz-Plus
650 1 _aDogs
_vFiction.
650 1 _aAdventure and adventurers
_vFiction.
650 1 _aStories without words.
906 _a7
_bcbc
_corignew
_d1
_eocip
_f20
_gy-gencatlg
942 _2ddc
_cBK
_n0
999 _c6768
_d6768